000 01265cam a22003497a 4500
999 _c1183
_d1183
001 13750985
003 GZU
005 20200929121823.0
008 041014s2005 ne a tb 000 0 eng d
010 _a 2004302858
020 _a0120883910
020 _a9788131200032
035 _a(OCoLC)ocm56543272
040 _aAFD
_cAFD
_dKUK
_dDLC
041 1 _aeng
_hger
042 _alccopycat
050 0 0 _aQK861
_b.HEL 2005
100 1 _aHeldt, Hans-Walter.
_eauthor
240 1 0 _aPflanzenbiochemie.
_lEnglish
245 1 0 _aPlant biochemistry /
_cby Hans-Walter Heldt in cooperation with Fiona Heldt.
250 _aAn update and translation of the German third edition.
260 _aAmsterdam ;
_aBoston :
_aElsevier Academic Press,
_cc2005.
300 _axxvi, 630 p. :
_bill. (some col.) ;
_c28 cm.
504 _aIncludes bibliographical references and index.
650 0 _aBotanical chemistry.
650 0 _aPlant molecular biology.
700 1 _aHeldt, Fiona.
_eauthor
856 4 1 _3Table of contents
_uhttp://www.loc.gov/catdir/toc/els051/2004302858.html
856 4 2 _3Publisher description
_uhttp://www.loc.gov/catdir/description/els051/2004302858.html
906 _a7
_bcbc
_ccopycat
_d2
_encip
_f20
_gy-gencatlg
942 _2lcc
_cBK
_e3rd ed.
_h861
_iHEL
_kQK